LEADER 01022nam a2200229 i 4500 001 000000023285 003 CaOOAMICUS 005 20250521092916.0 008 180830s2015 it u000 u ita u 020 $a978-88-6570-247-5 040 $aSeMil$bita 100 1 $aMalatesta, Leonardo.$0(OLS)http://semarc/name/90106 245 10$aStoria della Legione Tagliamento /$cLeonardo Malatesta. 260 $aVarese :$bPietro Macchione,$c2015. 300 $a2 volumi . ill. ;$c24 cm. 774 0 $aMalatesta, Leonardo$tDalla fondazione alla guerra di Russia.$w()81281 774 0 $aMalatesta, Leonardo$tDalla guerra di Russia all'Armistizio.$w()257091 774 0 $aMalatesta, Leonardo$tForti della grande guerra.$dVarese : Pietro Macchione, 2015.$z978-88-6570-266-6$w()257105 996 $6020$a978-88-6570-247-5$9(OLS)http://semarc/number/269747 996 $6245$aStoria della Legione Tagliamento$9(OLS)http://semarc/title/401812 996 $6260$aVarese :$bPietro Macchione$9(OLS)http://semarc/publisher/39580 LEADER 01041nam a2200229 i 4500 001 000000064108 003 CaOOAMICUS 005 20040628000000.0 008 040628s1982 it u000 u ita u 013 $a35280 040 $aSeMil$bita 245 10$aCatalogo generale della Donazione Butti /$cfotografie di Gottardo Ortelli. 300 $a19 p., [90] p. di tav. ;$c25 cm. 500 $aContiene : Bibliografia. 650 4$aViggiù - Museo Butti - Cataloghi.$0(OLS)http://semarc/subject/12537 700 1 $aGualdoni, Flaminio,$d<1954- >.$0(OLS)http://semarc/name/5698 700 1 $aOrtelli, Gottardo.$0(OLS)http://semarc/name/23018 700 1 $aButti, Enrico .$0(OLS)http://semarc/name/5699 773 0 $aGualdoni, Flaminio <1954- >$tViggiù, il Museo Butti.$d[Viggiù] : Comune di Viggiù, stampa 1982.$gParte1$w()11859 850 $aSeMil 852 $aSeMil$W1$xVenegono$y1$m5K XVI 4$j30261$B30261$CSeMilBibl$Z2$F30264 $81 996 $6245$aCatalogo generale della Donazione Butti$9(OLS)http://semarc/title/101385